<?xml version="1.0" encoding="UTF-8"?>
<collection xmlns="http://www.loc.gov/MARC21/slim">
 <record>
  <leader>01409nam a22002417a 4500</leader>
  <controlfield tag="001">NCT_4_018632</controlfield>
  <controlfield tag="008">250512b        xxu||||| |||| 00| 0 vie d</controlfield>
  <datafield tag="999" ind1=" " ind2=" ">
   <subfield code="c">8900</subfield>
   <subfield code="d">8900</subfield>
  </datafield>
  <datafield tag="020" ind1=" " ind2=" ">
   <subfield code="a">9786041241190</subfield>
   <subfield code="c">250000</subfield>
  </datafield>
  <datafield tag="082" ind1="0" ind2="4">
   <subfield code="2">23rd ed.</subfield>
   <subfield code="a">515</subfield>
   <subfield code="b">S921</subfield>
  </datafield>
  <datafield tag="100" ind1="1" ind2=" ">
   <subfield code="a">Strogatz, Steven</subfield>
  </datafield>
  <datafield tag="245" ind1="1" ind2="0">
   <subfield code="a">Sức mạnh vô hạn : </subfield>
   <subfield code="b">Giải tích toán khám phá bí mật của Vũ trụ như thế nào? </subfield>
   <subfield code="c">Steven Strogatz ; Phạm Văn Thiều (Dịch) </subfield>
  </datafield>
  <datafield tag="250" ind1=" " ind2=" ">
   <subfield code="a">In lần thứ 1</subfield>
  </datafield>
  <datafield tag="260" ind1=" " ind2=" ">
   <subfield code="a">Tp. Hồ Chí Minh</subfield>
   <subfield code="b">Trẻ</subfield>
   <subfield code="c">2024</subfield>
  </datafield>
  <datafield tag="300" ind1=" " ind2=" ">
   <subfield code="a">486 tr.</subfield>
   <subfield code="b">Minh họa </subfield>
   <subfield code="c">21cm </subfield>
  </datafield>
  <datafield tag="500" ind1=" " ind2=" ">
   <subfield code="a">Tên sách tiếng Anh: Infinite Powers: How Calculus Reveals the Secrets of the Universe</subfield>
  </datafield>
  <datafield tag="520" ind1="3" ind2=" ">
   <subfield code="a">Sách cung cấp nhiều lý thuyết cơ bản về giải tích toán học, phép tính vi phân, qua đó chúng có thể chứng minh, giải thích và khám phá ra những bí mật của vũ trụ</subfield>
  </datafield>
  <datafield tag="653" ind1=" " ind2=" ">
   <subfield code="a">Khoa học cơ bản</subfield>
  </datafield>
  <datafield tag="700" ind1="1" ind2=" ">
   <subfield code="a">Phạm Văn Thiều </subfield>
   <subfield code="e">Dịch</subfield>
  </datafield>
  <datafield tag="942" ind1=" " ind2=" ">
   <subfield code="2">ddc</subfield>
   <subfield code="c">BK</subfield>
  </datafield>
  <datafield tag="952" ind1=" " ind2=" ">
   <subfield code="0">0</subfield>
   <subfield code="1">0</subfield>
   <subfield code="2">ddc</subfield>
   <subfield code="4">0</subfield>
   <subfield code="6">515_000000000000000_S921</subfield>
   <subfield code="7">0</subfield>
   <subfield code="9">30576</subfield>
   <subfield code="a">000001</subfield>
   <subfield code="b">000001</subfield>
   <subfield code="d">2025-05-12</subfield>
   <subfield code="o">515 S921</subfield>
   <subfield code="p">MD.23708</subfield>
   <subfield code="r">2025-05-12</subfield>
   <subfield code="v">250000.00</subfield>
   <subfield code="w">2025-05-12</subfield>
   <subfield code="y">BK</subfield>
  </datafield>
  <datafield tag="952" ind1=" " ind2=" ">
   <subfield code="0">0</subfield>
   <subfield code="1">0</subfield>
   <subfield code="2">ddc</subfield>
   <subfield code="4">0</subfield>
   <subfield code="6">515_000000000000000_S921</subfield>
   <subfield code="7">0</subfield>
   <subfield code="9">30577</subfield>
   <subfield code="a">000001</subfield>
   <subfield code="b">000001</subfield>
   <subfield code="d">2025-05-12</subfield>
   <subfield code="o">515 S921</subfield>
   <subfield code="p">MD.23709</subfield>
   <subfield code="r">2025-05-12</subfield>
   <subfield code="v">250000.00</subfield>
   <subfield code="w">2025-05-12</subfield>
   <subfield code="y">BK</subfield>
  </datafield>
  <datafield tag="980" ind1=" " ind2=" ">
   <subfield code="a">Thư viện Trường Đại học Nam Cần Thơ</subfield>
  </datafield>
 </record>
</collection>
